03516nam a22003857a 4500003000400000020001800004082001700022100001800039245005000057260003000107300000800137650001300145942001500158952014400173952014400317952015600461952014400617952014400761952015600905952014401061952014401205952014401349952014401493952014401637952014401781952014401925952014402069952014402213952015602357952015602513952014402669952014402813952015602957999001703113SGT a81-239-0365-0 a615.19bP21A aALI, MOHAMMED aTEXT BOOK OF PHARMACEUTUCAL ORGANIC CHEMISTRY aNEW DELHIbCBS PUB.c2021 a475 aPHARMACY 2ddccBK03 00102ddc40708FPaAPLbAPLcTXTd2021-07-09eAHUJA PUBg395.00iSGTUl0o615.19 P21ApFP4036r2021-07-09 00:00:00w2021-06-14yBKk13100 00102ddc40708FPaAPLbAPLcTXTd2021-07-09eAHUJA PUBg395.00iSGTUl0o615.19 P21ApFP4037r2021-07-09 00:00:00w2021-06-14yBKk13100 00102ddc40708FPaAPLbAPLcTXTd2021-07-09eAHUJA PUBg395.00iSGTUl1o615.19 P21ApFP4038r2024-01-09 00:00:00s2024-01-09w2021-06-14yBKk13100 00102ddc40708FPaAPLbAPLcTXTd2021-07-09eAHUJA PUBg395.00iSGTUl0o615.19 P21ApFP4039r2021-07-09 00:00:00w2021-06-14yBKk13100 00102ddc40708FPaAPLbAPLcTXTd2021-07-09eAHUJA PUBg395.00iSGTUl0o615.19 P21ApFP4040r2021-07-09 00:00:00w2021-06-14yBKk13100 00102ddc40708FPaAPLbAPLcTXTd2021-07-09eAHUJA PUBg395.00iSGTUl2o615.19 P21ApFP4041r2024-05-15 00:00:00s2024-05-15w2021-06-14yBKk13100 00102ddc40708FPaAPLbAPLcTXTd2021-07-09eAHUJA PUBg395.00iSGTUl0o615.19 P21ApFP4042r2021-07-09 00:00:00w2021-06-14yBKk13100 00102ddc40708FPaAPLbAPLcTXTd2021-07-09eAHUJA PUBg395.00iSGTUl0o615.19 P21ApFP4043r2021-07-09 00:00:00w2021-06-14yBKk13100 00102ddc40708FPaAPLbAPLcTXTd2021-07-09eAHUJA PUBg395.00iSGTUl0o615.19 P21ApFP4044r2021-07-09 00:00:00w2021-06-14yBKk13100 00102ddc40708FPaAPLbAPLcTXTd2021-07-09eAHUJA PUBg395.00iSGTUl0o615.19 P21ApFP4045r2021-07-09 00:00:00w2021-06-14yBKk13100 00102ddc40708FPaAPLbAPLcTXTd2021-07-09eAHUJA PUBg395.00iSGTUl0o615.19 P21ApFP4046r2021-07-09 00:00:00w2021-06-14yBKk13100 00102ddc40708FPaAPLbAPLcTXTd2021-07-09eAHUJA PUBg395.00iSGTUl0o615.19 P21ApFP4047r2021-07-09 00:00:00w2021-06-14yBKk13100 00102ddc40708FPaAPLbAPLcTXTd2021-07-09eAHUJA PUBg395.00iSGTUl0o615.19 P21ApFP4048r2021-07-09 00:00:00w2021-06-14yBKk13100 00102ddc40708FPaAPLbAPLcTXTd2021-07-09eAHUJA PUBg395.00iSGTUl0o615.19 P21ApFP4049r2021-07-09 00:00:00w2021-06-14yBKk13100 00102ddc40708FPaAPLbAPLcTXTd2021-07-09eAHUJA PUBg395.00iSGTUl0o615.19 P21ApFP4050r2021-07-09 00:00:00w2021-06-14yBKk13100 00102ddc40708FPaAPLbAPLcTXTd2021-07-09eAHUJA PUBg395.00iSGTUl1o615.19 P21ApFP4051r2025-06-12 00:00:00s2025-05-28w2021-06-14yBKk13100 00102ddc40708FPaAPLbAPLcTXTd2021-07-09eAHUJA PUBg395.00iSGTUl1o615.19 P21ApFP4052r2021-08-05 00:00:00s2021-07-21w2021-06-14yBKk13100 00102ddc40708FPaAPLbAPLcTXTd2021-07-09eAHUJA PUBg395.00iSGTUl0o615.19 P21ApFP4053r2021-07-09 00:00:00w2021-06-14yBKk13100 00102ddc40708FPaAPLbAPLcTXTd2021-07-09eAHUJA PUBg395.00iSGTUl0o615.19 P21ApFP4054r2021-07-09 00:00:00w2021-06-14yBKk13100 00102ddc40708FPaAPLbAPLcTXTd2021-07-09eAHUJA PUBg395.00iSGTUl1o615.19 P21ApFP4055r2026-02-23 00:00:00s2026-02-09w2021-06-14yBKk13100 c21485d21485